Railway Stations in Great Britain Starting with D - Statistics

General Stats
  • This quiz has been taken 107 times
  • The average score is 35 of 112
Answer Stats
County Passengers (2024/2025) Station % Correct
Derbyshire 4,106,660 Derby
92%
County Durham 2,809,984 Durham
92%
Dundee City 1,763,546 Dundee
89%
South Yorkshire 4,533,514 Doncaster
84%
Kent 4,815,874 Dartford
78%
County Durham 2,827,176 Darlington
76%
Surrey 834,808 Dorking
73%
Oxfordshire 2,884,000 Didcot Parkway
65%
Dumfries and Galloway 346,310 Dumfries
62%
Cumbria 9,598 Dent
59%
West Yorkshire 947,090 Dewsbury
59%
East Lothian 416,356 Dunbar
59%
Greater Manchester 100 Denton
57%
Norfolk 701,420 Diss
57%
Dorset 466,422 Dorchester South
51%
Dorset 96,844 Dorchester West
51%
Kent 529,856 Deal
49%
West Dunbartonshire 483,282 Dumbarton Central
49%
Stirling 451,060 Dunblane
49%
Buckinghamshire 212,456 Denham
46%
Kent 1,029,332 Dover Priory
46%
Norfolk 440,550 Downham Market
46%
West Dunbartonshire 339,724 Dumbarton East
46%
Cumbria 57,392 Dalston
43%
Surrey 506,136 Dorking Deepdene
43%
Greater London 5,648,732 Dalston Junction
41%
Devon 580,660 Dawlish
41%
Wiltshire 38,188 Dean
41%
Greater London 6,020,036 Denmark Hill
41%
Suffolk 95,046 Derby Road
41%
East Riding of Yorkshire 275,396 Driffield
41%
Greater London 424,946 Dagenham Dock
38%
Devon 248,086 Dawlish Warren
38%
Buckinghamshire 33,726 Denham Golf Club
38%
Fife 569,702 Dunfermline City
38%
Aberdeen City 308,806 Dyce
38%
Greater London 5,308,786 Dalston Kingsland
35%
Berkshire 228,122 Datchet
35%
Greater London 1,643,802 Deptford
35%
Devon 49,756 Devonport
35%
West Midlands 824,680 Dorridge
35%
Worcestershire 519,318 Droitwich Spa
32%
Fife 129,910 Dunfermline Queen Margaret
32%
Cumbria 78,420 Dalton
30%
Greater Manchester 1,719,378 Deansgate
30%
Wiltshire 21,574 Dilton Marsh
30%
Highland 62,120 Dingwall
30%
Derbyshire 87,032 Dinting
30%
Devon 15,102 Dockyard
30%
Surrey 40,162 Dorking West
30%
East Lothian 152,528 Drem
30%
Perth and Kinross 61,270 Dunkeld and Birnam
30%
Cardiff 83,824 Danescourt
27%
Conwy 24,334 Deganwy
27%
Rhondda Cynon Taf 46,050 Dinas
27%
Vale of Glamorgan 94,876 Dinas Powys
27%
Conwy 6,412 Dolwyddelan
27%
Derbyshire 229,562 Dronfield
27%
Derbyshire 66,536 Duffield
27%
Highland 1,544 Dunrobin Castle
27%
Fife 229,602 Dalgety Bay
24%
West Dunbartonshire 767,842 Dalmuir
24%
Suffolk 68,476 Darsham
24%
Lancashire 345,590 Darwen
24%
Greater Manchester 291,496 Davenport
24%
West Yorkshire 63,430 Deighton
24%
Vale of Glamorgan 161,876 Dingle Road
24%
Count Durham 88,380 Dinsdale
24%
Essex 168,182 Dovercourt
24%
West Midlands 375,972 Dudley Port
24%
Highland 904 Duirinish
24%
City of Edinburgh 488,872 Dalmeny
22%
Highland 3,356 Dalwhinnie
22%
South Yorkshire 22,132 Darnall
22%
Powys 818 Dolau
22%
Greater London 23,270 Drayton Green
22%
Greater London 728,922 Drayton Park
22%
Cambridgeshire 32,026 Dullingham
22%
Devon 968,412 Digby and Sowton
19%
East Sussex 1,706 Doleham
19%
Powys 41,454 Dovey Junction
19%
West Midlands 340,568 Duddeston
19%
Argyll and Bute 13,690 Dalmally
16%
South Yorkshire 120,506 Darton
16%
West Yorkshire 107,738 Denby Dale
16%
Conwy 3,588 Dolgarrog
16%
South Yorkshire 240,254 Dore and Totley
16%
North Lanarkshire 275,672 Drumgelloch
16%
Kent 45,098 Dumpton Park
16%
Kent 195,198 Dunton Green
16%
West Sussex 506,616 Durrington-on-Sea
16%
Gwynedd 21,934 Dyffryn Ardudwy
16%
North Yorkshire 8,520 Danby
14%
Warwickshire 6,170 Danzey
14%
South Yorkshire 47,920 Dodworth
14%
Derbyshire 10,384 Dove Holes
14%
Cumbria 7,076 Drigg
14%
West Dunbartonshire 233,208 Drumry
14%
Glasgow City 462,014 Dalmarnock
11%
West Dunbartonshire 196,628 Dalreoch
11%
North Ayrshire 168,264 Dalry
11%
Chehsire 57,136 Delamere
11%
Cheshire 156,050 Disley
11%
Highland 354 Duncraig
11%
East Ayrshire 76,002 Dunlop
11%
Greater Manchester 195,254 Daisy Hill
8%
Surrey 122,678 Dormans
8%
Glasgow City 331,424 Drumchapel
8%
Glasgow City 224,988 Duke Street
8%
Tyne and Wear 50,828 Dunston
8%
Inverclyde 71,638 Drumfrochar
5%
Glasgow City 148,736 Dumbreck
5%
No matching quizzes found
Score Distribution
Percent of People with Each Score
Percentile by Number Answered
Your Score History
You have not taken this quiz